[Event "13e open internationnal de Sautron"]
[Site "Sautron"]
[Date "2013.10.26"]
[Round "1.1"]
[White "Goupil, Arnaud"]
[Black "Roiz, Michael"]
[Result "0-1"]
[LiveChessVersion "1.4.2"]
[BlackElo "2614"]
[WhiteElo "2134"]

1. d4 {[%clk 1:30:26]} Nf6 {[%clk 1:30:46]} 2. Nf3 {[%clk 1:30:33]} d5
{[%clk 1:30:28]} 3. c4 {[%clk 1:29:30]} e6 {[%clk 1:30:12]} 4. Nc3
{[%clk 1:26:30]} c6 {[%clk 1:29:40]} 5. cxd5 {[%clk 1:22:21]} exd5
{[%clk 1:29:14]} 6. Bg5 {[%clk 1:22:30]} Be7 {[%clk 1:28:47]} 7. e3
{[%clk 1:22:19]} Bf5 {[%clk 1:28:20]} 8. Bd3 {[%clk 1:17:23]} Bxd3
{[%clk 1:28:16]} 9. Qxd3 {[%clk 1:14:56]} Nbd7 {[%clk 1:28:35]} 10. O-O
{[%clk 1:14:45]} O-O {[%clk 1:28:31]} 11. Rab1 {[%clk 1:14:15]} a5
{[%clk 1:28:09]} 12. Qc2 {[%clk 1:05:30]} Re8 {[%clk 1:24:59]} 13. Rfc1
{[%clk 1:01:05]} Bd6 {[%clk 1:21:02]} 14. Bh4 {[%clk 0:56:29]} Rc8
{[%clk 1:15:04]} 15. a3 {[%clk 0:51:15]} h6 {[%clk 1:08:06]} 16. b4
{[%clk 0:46:02]} b5 {[%clk 1:07:08]} 17. Bg3 {[%clk 0:40:54]} Bf8
{[%clk 1:04:10]} 18. h3 {[%clk 0:34:55]} Nb6 {[%clk 1:01:24]} 19. Nd2
{[%clk 0:31:20]} Nc4 {[%clk 0:55:26]} 20. Nxc4 {[%clk 0:28:14]} dxc4
{[%clk 0:55:35]} 21. Qb2 {[%clk 0:20:30]} Ra8 {[%clk 0:49:55]} 22. Ra1
{[%clk 0:15:35]} Qd7 {[%clk 0:47:31]} 23. Be5 {[%clk 0:11:36]} Nd5
{[%clk 0:46:44]} 24. Nxd5 {[%clk 0:10:32]} cxd5 {[%clk 0:46:44]} 25. Qc3
{[%clk 0:07:09]} Ra6 {[%clk 0:43:19]} 26. Rab1 {[%clk 0:07:25]} Rea8
{[%clk 0:42:33]} 27. Rb2 {[%clk 0:07:24]} axb4 {[%clk 0:42:33]} 28. axb4
{[%clk 0:07:42]} Qf5 {[%clk 0:41:19]} 29. Bc7 {[%clk 0:07:37]} Ra3
{[%clk 0:41:14]} 30. Qc2 {[%clk 0:04:16]} Qxc2 {[%clk 0:40:29]} 31. Rcxc2
{[%clk 0:04:34]} Ra1+ {[%clk 0:40:48]} 32. Kh2 {[%clk 0:04:47]} R8a3
{[%clk 0:41:03]} 33. Re2 {[%clk 0:04:21]} c3 {[%clk 0:39:46]} 34. Rbc2
{[%clk 0:04:36]} Bxb4 {[%clk 0:40:10]} 35. Bb6 {[%clk 0:03:42]} Bd6+
{[%clk 0:40:22]} 0-1

[Event "13e open internationnal de Sautron"]
[Site "Sautron"]
[Date "2013.10.26"]
[Round "1.2"]
[White "Burmakin, Vladimir"]
[Black "Hutois, Mickael"]
[Result "1-0"]
[LiveChessVersion "1.4.2"]
[BlackElo "2126"]
[WhiteElo "2581"]

1. Nf3 {[%clk 1:30:55]} Nf6 {[%clk 1:30:55]} 2. g3 {[%clk 1:31:15]} c5
{[%clk 1:29:27]} 3. Bg2 {[%clk 1:31:40]} Nc6 {[%clk 1:29:49]} 4. d4
{[%clk 1:32:06]} e6 {[%clk 1:28:23]} 5. c4 {[%clk 1:32:19]} cxd4 {[%clk 1:25:59]}
6. Nxd4 {[%clk 1:32:43]} Qa5+ {[%clk 1:23:35]} 7. Bd2 {[%clk 1:31:52]} Qc5
{[%clk 1:22:27]} 8. Nxc6 {[%clk 1:29:56]} bxc6 {[%clk 1:21:52]} 9. b3
{[%clk 1:30:08]} d5 {[%clk 1:22:15]} 10. O-O {[%clk 1:30:09]} Be7
{[%clk 1:17:25]} 11. Nc3 {[%clk 1:27:34]} O-O {[%clk 1:13:05]} 12. Na4
{[%clk 1:25:16]} Qa3 {[%clk 1:10:33]} 13. Bc1 {[%clk 1:22:24]} Qb4
{[%clk 1:07:25]} 14. a3 {[%clk 1:21:33]} Qa5 {[%clk 1:06:44]} 15. Bd2
{[%clk 1:19:26]} Qc7 {[%clk 1:06:46]} 16. Qc2 {[%clk 1:19:31]} d4
{[%clk 1:04:26]} 17. e3 {[%clk 1:18:04]} e5 {[%clk 1:04:02]} 18. exd4
{[%clk 1:16:36]} exd4 {[%clk 1:04:24]} 19. Rfe1 {[%clk 1:06:23]} g6
{[%clk 1:00:07]} 20. Rxe7 {[%clk 0:31:31]} Qxe7 {[%clk 0:59:21]} 21. Bb4
{[%clk 0:31:58]} Qe5 {[%clk 0:59:16]} 22. Re1 {[%clk 0:24:54]} Qf5
{[%clk 0:58:54]} 23. Qd1 {[%clk 0:24:56]} Rd8 {[%clk 0:53:48]} 24. Be7
{[%clk 0:21:50]} Be6 {[%clk 0:53:05]} 25. Bxc6 {[%clk 0:20:08]} Ng4
{[%clk 0:49:26]} 26. Qf3 {[%clk 0:17:07]} Rac8 {[%clk 0:37:52]} 27. Bxd8
{[%clk 0:17:27]} Rxc6 {[%clk 0:37:08]} 28. Qxf5 {[%clk 0:17:46]} Bxf5
{[%clk 0:37:33]} 29. h3 {[%clk 0:17:21]} Nf6 {[%clk 0:34:22]} 30. Nc5
{[%clk 0:09:55]} Kg7 {[%clk 0:31:13]} 31. b4 {[%clk 0:09:58]} Bc2
{[%clk 0:30:15]} 32. Re2 {[%clk 0:08:37]} d3 {[%clk 0:26:45]} 33. Rd2
{[%clk 0:08:57]} Rxc5 {[%clk 0:26:30]} 34. Bxf6+ {[%clk 0:09:22]} Kxf6
{[%clk 0:26:51]} 35. bxc5 {[%clk 0:09:49]} Ke5 {[%clk 0:25:17]} 36. Kf1
{[%clk 0:10:12]} Kd4 {[%clk 0:24:21]} 37. c6 {[%clk 0:10:32]} Ba4
{[%clk 0:24:47]} 38. c7 {[%clk 0:10:21]} Bd7 {[%clk 0:25:13]} 39. Ke1
{[%clk 0:08:42]} Kxc4 {[%clk 0:25:17]} 40. Rd1 {[%clk 0:38:54]} Kd5 1-0

[Event "13e open internationnal de Sautron"]
[Site "Sautron"]
[Date "2013.10.26"]
[Round "1.4"]
[White "Le Roux, Jean-Pierre"]
[Black "Haussernot, Cecile"]
[Result "1-0"]
[LiveChessVersion "1.4.2"]
[BlackElo "2097"]
[WhiteElo "2571"]

1. d4 {[%clk 1:21:25]} Nf6 {[%clk 1:30:24]} 2. Nf3 {[%clk 1:21:32]} e6
{[%clk 1:31:02]} 3. g3 {[%clk 1:21:10]} c5 {[%clk 1:26:25]} 4. Bg2
{[%clk 1:20:59]} d5 {[%clk 1:22:08]} 5. O-O {[%clk 1:20:32]} Nc6 {[%clk 1:21:22]}
6. c4 {[%clk 1:20:52]} Bd6 {[%clk 1:18:17]} 7. Bg5 {[%clk 1:16:33]} dxc4
{[%clk 0:44:47]} 8. dxc5 {[%clk 1:08:37]} Bxc5 {[%clk 0:44:24]} 9. Qxd8+
{[%clk 1:08:24]} Kxd8 {[%clk 0:44:00]} 10. Nbd2 {[%clk 1:07:23]} h6
{[%clk 0:34:20]} 11. Bf4 {[%clk 1:06:31]} Nd5 {[%clk 0:31:53]} 12. Nxc4
{[%clk 1:06:36]} Nxf4 {[%clk 0:26:40]} 13. gxf4 {[%clk 1:06:47]} f6
{[%clk 0:20:13]} 14. Rac1 {[%clk 1:01:41]} Bd7 {[%clk 0:15:28]} 15. Nfd2
{[%clk 0:57:43]} Rc8 {[%clk 0:04:41]} 16. Rfd1 {[%clk 0:53:36]} Kc7
{[%clk 0:03:04]} 17. Ne4 {[%clk 0:48:50]} Be7 {[%clk 0:01:23]} 18. Ned6
{[%clk 0:44:46]} Ra8 {[%clk 0:00:33]} 19. Nxb7 {[%clk 0:43:43]} Bc8
{[%clk 0:00:31]} 20. Nba5 {[%clk 0:43:13]} 1-0

[Event "13e open internationnal de Sautron"]
[Site "Sautron"]
[Date "2013.10.26"]
[Round "1.5"]
[White "Dubois, Pierre"]
[Black "Koziak, Vitali"]
[Result "0-1"]
[LiveChessVersion "1.4.2"]
[BlackElo "2481"]
[WhiteElo "2097"]

1. e4 {[%clk 1:19:35]} g6 {[%clk 1:30:41]} 2. d4 {[%clk 1:19:50]} Bg7
{[%clk 1:31:05]} 3. Nf3 {[%clk 1:19:46]} d6 {[%clk 1:31:14]} 4. Nc3
{[%clk 1:19:15]} Nf6 {[%clk 1:31:24]} 5. Bg5 {[%clk 1:18:19]} h6 {[%clk 1:29:27]}
6. Bf4 {[%clk 1:17:19]} Nc6 {[%clk 1:25:29]} 7. Be2 {[%clk 1:17:00]} e6
{[%clk 1:09:51]} 8. O-O {[%clk 1:14:48]} O-O {[%clk 1:07:26]} 9. Re1
{[%clk 1:08:25]} a6 {[%clk 0:56:33]} 10. a4 {[%clk 1:05:31]} b6 {[%clk 0:50:37]}
11. h3 {[%clk 1:01:24]} Bb7 {[%clk 0:50:25]} 12. Bf1 {[%clk 0:45:49]} Kh7
{[%clk 0:32:14]} 13. Qd2 {[%clk 0:40:29]} Nd7 {[%clk 0:29:31]} 14. Rad1
{[%clk 0:26:50]} e5 {[%clk 0:26:32]} 15. dxe5 {[%clk 0:25:40]} Ndxe5
{[%clk 0:26:43]} 16. Nxe5 {[%clk 0:25:45]} dxe5 {[%clk 0:26:52]} 17. Be3
{[%clk 0:24:50]} Qxd2 {[%clk 0:20:44]} 18. Rxd2 {[%clk 0:25:05]} Nd4
{[%clk 0:20:24]} 19. Nd5 {[%clk 0:16:15]} Bxd5 {[%clk 0:19:39]} 20. exd5
{[%clk 0:14:11]} Nf5 {[%clk 0:19:27]} 21. c4 {[%clk 0:12:41]} Rfe8
{[%clk 0:17:49]} 22. a5 {[%clk 0:07:55]} bxa5 {[%clk 0:12:11]} 23. Bc5
{[%clk 0:05:11]} Reb8 {[%clk 0:09:50]} 24. Bd3 {[%clk 0:02:30]} Nd6
{[%clk 0:08:44]} 25. Bxd6 {[%clk 0:02:50]} cxd6 {[%clk 0:09:06]} 26. Rb1
{[%clk 0:00:38]} Rb4 {[%clk 0:08:19]} 27. c5 {[%clk 0:00:41]} dxc5
{[%clk 0:05:50]} 28. d6 {[%clk 0:00:34]} Rd4 {[%clk 0:05:22]} 29. Rbd1
{[%clk 0:00:55]} Rd8 {[%clk 0:04:53]} 30. Bxa6 {[%clk 0:01:19]} e4
{[%clk 0:04:14]} 31. Rxd4 {[%clk 0:00:42]} cxd4 {[%clk 0:03:59]} 32. Bc4
{[%clk 0:00:35]} f5 {[%clk 0:04:04]} 33. Ra1 {[%clk 0:00:31]} Rxd6
{[%clk 0:04:08]} 34. Rxa5 {[%clk 0:00:55]} d3 {[%clk 0:03:33]} 35. Ra8
{[%clk 0:00:45]} Bxb2 {[%clk 0:03:21]} 0-1

[Event "13e open internationnal de Sautron"]
[Site "Sautron"]
[Date "2013.10.26"]
[Round "1.6"]
[White "Kasparov, Sergey"]
[Black "Rate, Bruno"]
[Result "1-0"]
[LiveChessVersion "1.4.2"]
[BlackElo "2096"]
[WhiteElo "2480"]

1. e4 {[%clk 1:30:57]} c5 {[%clk 1:30:33]} 2. Nf3 {[%clk 1:31:10]} d6
{[%clk 1:30:02]} 3. d4 {[%clk 1:31:26]} cxd4 {[%clk 1:30:22]} 4. Nxd4
{[%clk 1:31:53]} Nf6 {[%clk 1:30:41]} 5. f3 {[%clk 1:32:21]} Nc6 {[%clk 1:26:28]}
6. c4 {[%clk 1:31:48]} e6 {[%clk 1:24:28]} 7. Nc3 {[%clk 1:32:04]} Be7
{[%clk 1:24:30]} 8. Be3 {[%clk 1:32:21]} O-O {[%clk 1:24:20]} 9. Be2
{[%clk 1:30:19]} Bd7 {[%clk 1:21:38]} 10. O-O {[%clk 1:30:04]} a6
{[%clk 1:20:13]} 11. Qd2 {[%clk 1:27:38]} Qc7 {[%clk 1:19:16]} 12. Rac1
{[%clk 1:27:23]} Rac8 {[%clk 1:17:30]} 13. Nxc6 {[%clk 1:24:37]} Bxc6
{[%clk 1:14:22]} 14. Nd5 {[%clk 1:23:55]} Bxd5 {[%clk 1:11:43]} 15. cxd5
{[%clk 1:23:05]} Qd7 {[%clk 1:11:48]} 16. dxe6 {[%clk 1:23:20]} fxe6
{[%clk 1:11:47]} 17. Bc4 {[%clk 1:22:29]} Rc6 {[%clk 1:03:29]} 18. Bb3
{[%clk 1:21:03]} Rfc8 {[%clk 0:56:31]} 19. Rcd1 {[%clk 1:16:46]} d5
{[%clk 0:52:36]} 20. exd5 {[%clk 1:13:53]} exd5 {[%clk 0:51:07]} 21. Bxd5+
{[%clk 1:10:04]} Qxd5 {[%clk 0:47:49]} 22. Qxd5+ {[%clk 1:08:18]} Nxd5
{[%clk 0:48:09]} 23. Rxd5 {[%clk 1:08:46]} Bc5 {[%clk 0:38:30]} 24. Bxc5
{[%clk 1:06:36]} Rxc5 {[%clk 0:37:25]} 25. Rxc5 {[%clk 1:06:09]} Rxc5
{[%clk 0:37:43]} 26. Rd1 {[%clk 1:06:31]} Rc7 {[%clk 0:37:59]} 27. Rd2
{[%clk 1:05:53]} Kf7 {[%clk 0:37:56]} 28. Kf2 {[%clk 1:06:08]} Ke7
{[%clk 0:36:23]} 29. Ke3 {[%clk 1:06:03]} Rc6 {[%clk 0:34:21]} 30. f4
{[%clk 1:03:16]} g6 {[%clk 0:30:50]} 31. g4 {[%clk 1:00:19]} Ke6 {[%clk 0:28:31]}
32. Kf3 {[%clk 0:53:31]} Rc5 {[%clk 0:25:59]} 33. h3 {[%clk 0:50:46]} Ra5
{[%clk 0:24:51]} 34. a3 {[%clk 0:48:27]} Rc5 {[%clk 0:23:10]} 35. Rd3
{[%clk 0:43:33]} Rc2 {[%clk 0:18:49]} 36. Re3+ {[%clk 0:41:58]} Kd6
{[%clk 0:14:20]} 37. Re2 {[%clk 0:41:11]} Rc5 {[%clk 0:14:00]} 38. Kg3
{[%clk 0:39:52]} Rd5 {[%clk 0:11:49]} 39. Re3 {[%clk 0:38:22]} Rb5
{[%clk 0:06:22]} 40. Rd3+ {[%clk 1:06:42]} Ke6 {[%clk 0:35:34]} 41. b4
{[%clk 1:06:46]} h5 {[%clk 0:32:50]} 42. Kh4 {[%clk 1:06:07]} hxg4
{[%clk 0:32:41]} 43. hxg4 {[%clk 1:06:16]} Ke7 {[%clk 0:28:55]} 44. Re3+
{[%clk 1:04:17]} Kd6 {[%clk 0:27:42]} 45. Re5 {[%clk 1:04:09]} Rb6
{[%clk 0:25:51]} 46. Kg5 {[%clk 1:02:55]} Kd7 {[%clk 0:26:12]} 47. Re3
{[%clk 1:02:55]} Rd6 {[%clk 0:26:16]} 48. Rh3 {[%clk 1:03:06]} 1-0

[Event "13e open internationnal de Sautron"]
[Site "Sautron"]
[Date "2013.10.26"]
[Round "1.7"]
[White "Normand, Vincent"]
[Black "Bailet, Pierre"]
[Result "0-1"]
[LiveChessVersion "1.4.2"]
[BlackElo "2474"]
[WhiteElo "2076"]

1. e4 {[%clk 1:30:30]} c5 {[%clk 1:21:19]} 2. Nf3 {[%clk 1:28:20]} e6
{[%clk 1:21:05]} 3. d3 {[%clk 1:28:36]} Nc6 {[%clk 1:21:06]} 4. g3
{[%clk 1:29:00]} Nf6 {[%clk 1:20:39]} 5. Bg2 {[%clk 1:29:20]} d5 {[%clk 1:20:58]}
6. Qe2 {[%clk 1:29:41]} Be7 {[%clk 1:21:06]} 7. O-O {[%clk 1:30:00]} O-O
{[%clk 1:21:19]} 8. e5 {[%clk 1:25:46]} Nd7 {[%clk 1:21:20]} 9. h4
{[%clk 1:25:53]} b5 {[%clk 1:08:49]} 10. c3 {[%clk 1:21:10]} b4 {[%clk 1:06:48]}
11. c4 {[%clk 1:20:40]} Nb6 {[%clk 1:02:36]} 12. Bf4 {[%clk 1:19:14]} Bb7
{[%clk 1:01:04]} 13. Nbd2 {[%clk 1:17:31]} a5 {[%clk 0:56:18]} 14. Rfe1
{[%clk 1:10:55]} Qd7 {[%clk 0:52:15]} 15. Nf1 {[%clk 1:09:03]} Rfd8
{[%clk 0:47:02]} 16. Rad1 {[%clk 1:06:09]} Qc7 {[%clk 0:46:26]} 17. b3
{[%clk 1:02:47]} a4 {[%clk 0:46:46]} 18. Ne3 {[%clk 1:02:36]} axb3
{[%clk 0:44:13]} 19. axb3 {[%clk 1:00:06]} Ra3 {[%clk 0:42:01]} 20. Ng4
{[%clk 0:46:40]} Qc8 {[%clk 0:36:28]} 21. Rb1 {[%clk 0:38:44]} dxc4
{[%clk 0:34:19]} 22. dxc4 {[%clk 0:38:53]} h5 {[%clk 0:34:31]} 23. Ngh2
{[%clk 0:35:15]} Qa8 {[%clk 0:33:58]} 24. Ng5 {[%clk 0:32:51]} Bxg5
{[%clk 0:32:04]} 25. Bxc6 {[%clk 0:33:03]} Bxf4 {[%clk 0:32:19]} 26. Bxb7
{[%clk 0:33:28]} Qxb7 {[%clk 0:32:39]} 27. gxf4 {[%clk 0:33:53]} g6
{[%clk 0:31:57]} 28. f5 {[%clk 0:23:54]} Rd4 {[%clk 0:18:20]} 29. f6
{[%clk 0:22:13]} Kh7 {[%clk 0:16:12]} 30. Nf3 {[%clk 0:15:16]} Rg4+
{[%clk 0:16:37]} 31. Kf1 {[%clk 0:13:45]} Nxc4 {[%clk 0:16:08]} 32. Ng5+
{[%clk 0:13:47]} Rxg5 {[%clk 0:16:15]} 33. f3 {[%clk 0:13:42]} Ra2
{[%clk 0:15:35]} 0-1

[Event "13e open internationnal de Sautron"]
[Site "Sautron"]
[Date "2013.10.26"]
[Round "1.8"]
[White "Haub, Thorsten Michael"]
[Black "Noblet, Renald"]
[Result "1-0"]
[LiveChessVersion "1.4.2"]
[BlackElo "2057"]
[WhiteElo "2455"]

1. g3 {[%clk 1:30:54]} c5 {[%clk 1:30:17]} 2. Bg2 {[%clk 1:31:19]} e6
{[%clk 1:30:13]} 3. Nf3 {[%clk 1:31:20]} g6 {[%clk 1:29:51]} 4. d4
{[%clk 1:29:14]} Bg7 {[%clk 1:28:19]} 5. c4 {[%clk 1:26:34]} Nf6 {[%clk 1:22:48]}
6. Nc3 {[%clk 1:23:57]} O-O {[%clk 1:20:56]} 7. O-O {[%clk 1:19:22]} d6
{[%clk 1:17:49]} 8. dxc5 {[%clk 1:19:11]} dxc5 {[%clk 1:15:51]} 9. Bf4
{[%clk 1:19:33]} Na6 {[%clk 0:57:47]} 10. Qxd8 {[%clk 1:11:52]} Rxd8
{[%clk 0:57:59]} 11. Rfd1 {[%clk 1:12:00]} Re8 {[%clk 0:47:08]} 12. Nb5
{[%clk 1:09:14]} Bd7 {[%clk 0:34:34]} 13. Nd6 {[%clk 1:07:52]} Bc6
{[%clk 0:31:11]} 14. Nxe8 {[%clk 1:08:05]} Rxe8 {[%clk 0:31:27]} 15. Be5
{[%clk 1:07:31]} Nb8 {[%clk 0:30:32]} 16. Bc3 {[%clk 1:03:12]} Nbd7
{[%clk 0:30:00]} 17. Ne5 {[%clk 1:01:31]} Nxe5 {[%clk 0:28:56]} 18. Bxe5
{[%clk 1:01:52]} Ne4 {[%clk 0:28:54]} 19. Bxg7 {[%clk 1:01:55]} Kxg7
{[%clk 0:29:21]} 20. Rd3 {[%clk 1:01:54]} Re7 {[%clk 0:26:59]} 21. Rad1
{[%clk 1:00:48]} Rc7 {[%clk 0:26:05]} 22. Rd8 {[%clk 0:57:54]} h5
{[%clk 0:21:48]} 23. h4 {[%clk 0:56:03]} a6 {[%clk 0:21:36]} 24. Bxe4
{[%clk 0:55:50]} Bxe4 {[%clk 0:22:03]} 25. R1d7 {[%clk 0:56:04]} Rxd7
{[%clk 0:22:22]} 26. Rxd7 {[%clk 0:56:28]} Bc6 {[%clk 0:22:31]} 27. Rc7
{[%clk 0:56:44]} e5 {[%clk 0:22:30]} 28. f3 {[%clk 0:56:29]} 1-0

[Event "13e open internationnal de Sautron"]
[Site "Sautron"]
[Date "2013.10.26"]
[Round "1.10"]
[White "Riff, Jean-Noel"]
[Black "Pirotais, Jerome"]
[Result "1-0"]
[LiveChessVersion "1.4.2"]
[BlackElo "2044"]
[WhiteElo "2445"]

1. e4 {[%clk 1:30:56]} c5 {[%clk 1:19:59]} 2. Nf3 {[%clk 1:31:15]} g6
{[%clk 1:19:18]} 3. c3 {[%clk 1:31:24]} Nf6 {[%clk 1:16:40]} 4. e5
{[%clk 1:30:21]} Nd5 {[%clk 1:15:50]} 5. d4 {[%clk 1:30:50]} cxd4
{[%clk 1:15:57]} 6. Qxd4 {[%clk 1:31:14]} Nc7 {[%clk 1:13:44]} 7. Qh4
{[%clk 1:28:25]} h5 {[%clk 0:50:43]} 8. Bc4 {[%clk 1:11:14]} Bg7 {[%clk 0:37:34]}
9. O-O {[%clk 1:09:38]} Nc6 {[%clk 0:36:19]} 10. Re1 {[%clk 1:09:44]} Ne6
{[%clk 0:35:26]} 11. Na3 {[%clk 1:10:08]} a6 {[%clk 0:35:16]} 12. Bf4
{[%clk 0:59:56]} O-O {[%clk 0:22:53]} 13. Nc2 {[%clk 0:58:16]} Nxf4
{[%clk 0:20:10]} 14. Qxf4 {[%clk 0:58:36]} d5 {[%clk 0:20:36]} 15. Rad1
{[%clk 0:58:15]} e6 {[%clk 0:20:43]} 16. Bd3 {[%clk 0:58:31]} Qc7
{[%clk 0:18:23]} 17. Ncd4 {[%clk 0:57:08]} Bd7 {[%clk 0:17:54]} 18. Nxc6
{[%clk 0:53:37]} bxc6 {[%clk 0:17:28]} 19. g4 {[%clk 0:54:03]} f6
{[%clk 0:08:39]} 20. Bxg6 {[%clk 0:52:28]} fxe5 {[%clk 0:09:04]} 21. Qg3
{[%clk 0:52:57]} hxg4 {[%clk 0:08:48]} 22. Nxe5 {[%clk 0:53:10]} Bxe5
{[%clk 0:08:22]} 23. Rxe5 {[%clk 0:52:25]} Rf3 {[%clk 0:08:47]} 24. Qxg4
{[%clk 0:52:52]} Qxe5 {[%clk 0:08:59]} 25. Qxf3 {[%clk 0:53:20]} Qg5+
{[%clk 0:05:24]} 26. Kh1 {[%clk 0:52:29]} Rf8 {[%clk 0:05:53]} 27. Qh3
{[%clk 0:51:41]} Qxg6 {[%clk 0:05:21]} 28. Rg1 {[%clk 0:52:07]} Rf6
{[%clk 0:04:39]} 29. Rxg6+ {[%clk 0:52:26]} Rxg6 {[%clk 0:05:04]} 30. Qe3
{[%clk 0:52:51]} Kf7 {[%clk 0:04:01]} 31. h4 {[%clk 0:53:10]} Ke7
{[%clk 0:03:53]} 32. h5 {[%clk 0:52:52]} Rg4 {[%clk 0:04:21]} 33. h6
{[%clk 0:52:41]} Kd6 {[%clk 0:04:48]} 34. Qg3+ {[%clk 0:52:57]} 1-0

[Event "13e open internationnal de Sautron"]
[Site "Sautron"]
[Date "2013.10.26"]
[Round "1.11"]
[White "Burri, Quentin"]
[Black "Terrieux, Kevin"]
[Result "0-1"]
[LiveChessVersion "1.4.2"]
[BlackElo "2415"]
[WhiteElo "2043"]

1. e4 {[%clk 1:30:55]} c5 {[%clk 1:28:16]} 2. Nf3 {[%clk 1:31:18]} a6
{[%clk 1:28:25]} 3. d4 {[%clk 1:31:07]} cxd4 {[%clk 1:28:46]} 4. Nxd4
{[%clk 1:31:30]} Nf6 {[%clk 1:29:12]} 5. Nc3 {[%clk 1:30:06]} e5 {[%clk 1:29:32]}
6. Nf3 {[%clk 1:27:33]} Bb4 {[%clk 1:29:22]} 7. Bd2 {[%clk 1:23:54]} d6
{[%clk 1:29:02]} 8. Bd3 {[%clk 1:23:58]} Nbd7 {[%clk 1:27:33]} 9. O-O
{[%clk 1:20:47]} Nc5 {[%clk 1:25:57]} 10. Re1 {[%clk 1:19:38]} O-O
{[%clk 1:22:15]} 11. a3 {[%clk 1:16:04]} Bxc3 {[%clk 1:22:39]} 12. Bxc3
{[%clk 1:16:29]} Na4 {[%clk 1:14:11]} 13. Qd2 {[%clk 1:14:19]} Bg4
{[%clk 1:13:24]} 14. b3 {[%clk 1:10:54]} Nxc3 {[%clk 1:11:23]} 15. Qxc3
{[%clk 1:10:21]} Bxf3 {[%clk 1:11:42]} 16. gxf3 {[%clk 1:10:46]} Nh5
{[%clk 1:11:15]} 17. Kh1 {[%clk 1:10:28]} Qf6 {[%clk 1:04:39]} 18. Be2
{[%clk 1:08:42]} Nf4 {[%clk 1:02:36]} 19. Qe3 {[%clk 1:08:06]} Qh4
{[%clk 0:52:29]} 20. Rg1 {[%clk 1:06:01]} f5 {[%clk 0:52:23]} 21. Bc4+
{[%clk 0:57:04]} Kh8 {[%clk 0:52:13]} 22. Rg3 {[%clk 0:57:09]} Rf6
{[%clk 0:47:17]} 23. Qe1 {[%clk 0:57:32]} fxe4 {[%clk 0:41:54]} 24. fxe4
{[%clk 0:57:44]} Raf8 {[%clk 0:37:42]} 25. Rd1 {[%clk 0:46:01]} Rh6
{[%clk 0:35:03]} 26. Qg1 {[%clk 0:46:25]} Nh3 {[%clk 0:34:51]} 27. Ra1
{[%clk 0:44:06]} 0-1

[Event "13e open internationnal de Sautron"]
[Site "Sautron"]
[Date "2013.10.27"]
[Round "2.1"]
[White "Roiz, Michael"]
[Black "Nguyen, Chi-Minh"]
[Result "1/2-1/2"]
[LiveChessVersion "1.4.2"]
[BlackElo "2389"]
[WhiteElo "2614"]

1. c4 {[%clk 1:30:50]} e6 {[%clk 1:30:31]} 2. Nf3 {[%clk 1:29:28]} Nf6
{[%clk 1:29:59]} 3. Nc3 {[%clk 1:28:58]} b6 {[%clk 1:24:15]} 4. g3
{[%clk 1:27:31]} Bb7 {[%clk 1:23:37]} 5. Bg2 {[%clk 1:26:55]} Be7
{[%clk 1:22:16]} 6. O-O {[%clk 1:25:35]} O-O {[%clk 1:22:15]} 7. d4
{[%clk 1:25:39]} Na6 {[%clk 1:22:10]} 8. b3 {[%clk 1:21:10]} d5 {[%clk 1:17:24]}
9. Ne5 {[%clk 1:17:14]} c5 {[%clk 1:08:23]} 10. Bb2 {[%clk 1:16:32]} Qb8
{[%clk 0:57:31]} 11. cxd5 {[%clk 1:13:08]} exd5 {[%clk 0:50:16]} 12. e3
{[%clk 1:06:49]} Rd8 {[%clk 0:48:02]} 13. Ne2 {[%clk 0:54:07]} Nb4
{[%clk 0:44:04]} 14. Nf4 {[%clk 0:51:41]} Nc6 {[%clk 0:37:00]} 15. Rc1
{[%clk 0:47:29]} Nxe5 {[%clk 0:31:09]} 16. dxe5 {[%clk 0:47:24]} Ne4
{[%clk 0:30:35]} 17. Qg4 {[%clk 0:45:41]} g6 {[%clk 0:30:09]} 18. Rfd1
{[%clk 0:37:14]} Qc8 {[%clk 0:26:16]} 19. e6 {[%clk 0:35:52]} f5 {[%clk 0:24:58]}
20. Qh3 {[%clk 0:21:08]} Bg5 {[%clk 0:21:20]} 21. Nxg6 {[%clk 0:11:11]} Qxe6
{[%clk 0:20:52]} 22. Nf4 {[%clk 0:11:35]} Qf7 {[%clk 0:15:27]} 23. Bf3
{[%clk 0:09:11]} Bxf4 {[%clk 0:14:06]} 24. Bh5 {[%clk 0:08:11]} Qe6
{[%clk 0:11:57]} 25. gxf4 {[%clk 0:07:40]} 1/2-1/2

[Event "13e open internationnal de Sautron"]
[Site "Sautron"]
[Date "2013.10.27"]
[Round "2.3"]
[White "Avrukh, Boris"]
[Black "Lejarre, Ludovic"]
[Result "1-0"]
[LiveChessVersion "1.4.2"]
[BlackElo "2371"]
[WhiteElo "2576"]

1. d4 {[%clk 1:30:58]} Nf6 {[%clk 1:30:40]} 2. c4 {[%clk 1:31:21]} g6
{[%clk 1:29:13]} 3. g3 {[%clk 1:31:25]} Bg7 {[%clk 1:29:32]} 4. Bg2
{[%clk 1:31:51]} O-O {[%clk 1:29:13]} 5. Nc3 {[%clk 1:32:14]} d6 {[%clk 1:29:02]}
6. Nf3 {[%clk 1:32:38]} c6 {[%clk 1:28:28]} 7. O-O {[%clk 1:32:58]} Qa5
{[%clk 1:28:51]} 8. Nd2 {[%clk 1:24:04]} e5 {[%clk 1:19:43]} 9. d5
{[%clk 1:23:56]} cxd5 {[%clk 1:18:52]} 10. cxd5 {[%clk 1:24:07]} b5
{[%clk 1:11:53]} 11. a4 {[%clk 1:19:26]} b4 {[%clk 1:00:42]} 12. Nb5
{[%clk 1:13:33]} Ne8 {[%clk 0:59:03]} 13. Nc4 {[%clk 1:13:35]} Qd8
{[%clk 0:59:00]} 14. Be3 {[%clk 1:13:50]} Qe7 {[%clk 0:52:23]} 15. Qb3
{[%clk 1:08:05]} Na6 {[%clk 0:48:18]} 16. Na5 {[%clk 1:08:10]} f5
{[%clk 0:47:18]} 17. Nxa7 {[%clk 1:02:01]} f4 {[%clk 0:45:08]} 18. Nxc8
{[%clk 1:01:27]} Rxc8 {[%clk 0:45:29]} 19. Nc6 {[%clk 0:59:47]} Qf7
{[%clk 0:45:08]} 20. Bh3 {[%clk 0:54:59]} Nec7 {[%clk 0:40:09]} 21. Bb6
{[%clk 0:47:52]} Rce8 {[%clk 0:35:51]} 22. Rad1 {[%clk 0:48:04]} Kh8
{[%clk 0:30:37]} 23. Qc4 {[%clk 0:41:34]} g5 {[%clk 0:22:53]} 24. Nxb4
{[%clk 0:41:02]} Qh5 {[%clk 0:18:18]} 25. Bg2 {[%clk 0:40:20]} e4
{[%clk 0:14:56]} 26. Nxa6 {[%clk 0:38:53]} Nxa6 {[%clk 0:13:37]} 27. Bxe4
{[%clk 0:22:54]} Nb8 {[%clk 0:06:31]} 28. Bd4 {[%clk 0:18:28]} Nd7
{[%clk 0:06:24]} 29. Bxg7+ {[%clk 0:18:53]} Kxg7 {[%clk 0:06:49]} 30. Rc1
{[%clk 0:16:25]} Rf7 {[%clk 0:06:28]} 31. Qd4+ {[%clk 0:15:27]} Nf6
{[%clk 0:06:50]} 32. Bf3 {[%clk 0:09:48]} g4 {[%clk 0:07:12]} 33. Bh1
{[%clk 0:10:15]} f3 {[%clk 0:05:33]} 34. exf3 {[%clk 0:10:32]} gxf3
{[%clk 0:05:57]} 35. Qc3 {[%clk 0:09:08]} 1-0